Guess the car brand #1 - Statistics

General Stats
  • This quiz has been taken 94 times
  • The average score is 6 of 8
Answer Stats
Picture Answer % Correct
Toyota
99%
Audi
95%
Chevrolet
90%
Ferrari
86%
Volkswagen
86%
Mitsubishi
79%
Infiniti
62%
Buick
49%
No matching quizzes found
Score Distribution
Percent of People with Each Score
Percentile by Number Answered
Your Score History
You have not taken this quiz